000 00431nam a2200181Ia 4500
003 0100
008 130303s9999 xx 000 0 und d
040 _cARRUPELIB
050 _aHX833.B3175131990
100 _aBakunin, Mikhail Aleksandrovich
245 _aStatism and anarchy
260 _aCambridge
260 _bCambridge UP
260 _C1990
300 _a243p
700 _atr. ed. by Marshall S. Shatz
942 0 0 _01
999 _c20973
_d20973